000 00669nam a2200241 4500
003 OSt
005 20260530115301.0
008 260420b1977 wau |||| |||| 00| 0 eng d
020 _a0060804637
040 _aICI
_bspa
_cICI
050 _aBJ1581.2
_bS34 1977
100 1 _aSchumacher, Ernst Friedrich, |
245 1 0 _aA guide for the perplexed /
_cE. f. schumacher
264 1 _bHarper & Row,
_c1977
_aNew York :
300 _a147 páginas
_c17 cm.
336 _atexto
_2rdacontent
337 _asin medio
_2rdamedia
338 _avolumen
_2rdacarrier
650 _aVida
_931208
650 _a Seres humanos
650 _a Conducta de vida
_919384
942 _2lcc
_cBK
999 _c12849
_d12849